Breath of the Wild Shrine Sort - Statistics

General Stats
  • This quiz has been taken 7 times
  • The average score is 37 of 136
Answer Stats
Hint Extra Hint Answer % Correct
Rinu Honika Shrine Block the Blaze Eldin
80%
Myahm Agana Shrine Myahm Agana Apparatus Hateno
80%
Sah Dahaj Shrine Power of Fire Eldin
60%
Ja Baij Shrine Bomb Trial Great Plateau
60%
Keh Namut Shrine Cryonis Trial Great Plateau
60%
Oman Au Shrine Magnesis Trial Great Plateau
60%
Ka'o Makagh Shrine Metal Doors Open the Way Lake
60%
Ya Naga Shrine Shatter the Heavens Lake
60%
Rucco Maag Shrine Five Flames Lanayru
60%
Keo Ruug Shrine Fateful Stars Woodland
60%
Ze Kasho Shrine Ze Kasho Apparatus Akkala
40%
Zuna Kai Shrine Zuna Kai's Blessing Akkala
40%
Dah Kaso Shrine A Minor Test of Strength Central
40%
Kaam Ya'tak Shrine Trial of Power Central
40%
Katah Chuki Shrine A Minor Test of Strength Central
40%
Namika Ozz Shrine A Modest Test of Strength Central
40%
Rota Ooh Shrine Passing of the Gates Central
40%
Shee Vaneer Shrine Twin Memories Dueling Peaks
40%
Kamia Omuna Shrine Moving Targets Eldin
40%
Shora Hah Shrine Blue Flame Eldin
40%
Tah Muhl Shrine Passing the Flame Eldin
40%
Shoda Sah Shrine Impeccable Timing Faron
40%
Ruvo Korbah Shrine A Major Test of Strength+ Great Plateau
40%
Chaas Qeta Shrine A Major Test of Strength Hateno
40%
Dunba Taag Shrine Build and Release Hebra
40%
Kiah Toza Shrine Master the Orb Hebra
40%
Lanno Kooh Shrine Lanno Kooh's Blessing Hebra
40%
Mozo Shenno Shrine A Major Test of Strength Hebra
40%
Daka Tuss Shrine Sunken Scoop Lanayru
40%
Kah Mael Shrine Drop and Rise Lanayru
40%
Soh Kofi Shrine A Minor Test of Strength Lanayru
40%
Mogg Latan Shrine Synced Swing Ridgeland
40%
Shae Loya Shrine Aim for the Moment Ridgeland
40%
Voo Lota Shrine The Winding Route Tabantha
40%
Hawa Koth Shrine The Current Solution Wasteland
40%
Kay Noh Shrine Power of Electricity Wasteland
40%
Maag Halan Shrine Maag Halan's Blessing Woodland
40%
Dah Hesho Shrine A Minor Test of Strength Akkala
20%
Katosa Aug Shrine Katosa Aug Apparatus Akkala
20%
Ke'nai Shakah Shrine A Modest Test of Strength Akkala
20%
Ritaag Zumo Shrine Ritaag Zumo's Blessing Akkala
20%
Tu Ka'loh Shrine Tu Ka'loh's Blessing Akkala
20%
Tutsuwa Nima Shrine A Major Test of Strength Akkala
20%
Noya Neha Shrine A Minor Test of Strength Central
20%
Saas Ko'sah Shrine A Major Test of Strength Central
20%
Wahgo Katta Shrine Metal Connections Central
20%
Bosh Kala Shrine The Wind Guides You Dueling Peaks
20%
Ha Dahamar Shrine The Water Guides Dueling Peaks
20%
Hila Rao Shrine Drifting Dueling Peaks
20%
Lakna Rokee Shrine Lakna Rokee's Blessing Dueling Peaks
20%
Ree Dahee Shrine Timing Is Critical Dueling Peaks
20%
Shee Venath Shrine Twin Memories Dueling Peaks
20%
Ta'loh Naeg Shrine Ta'loh Naeg's Teaching Dueling Peaks
20%
Toto Sah Shrine Toto Sah Apparatus Dueling Peaks
20%
Daqa Koh Shrine Stalled Flight Eldin
20%
Gorae Torr Shrine Gorae Torr's Blessing Eldin
20%
Kayra Mah Shrine Greedy Hill Eldin
20%
Mo'a Keet Shrine Metal Makes a Path Eldin
20%
Qua Raym Shrine A Balanced Approach Eldin
20%
Shae Mo'sah Shrine Swinging Flames Eldin
20%
Sharo Lun Shrine Blind Spots Eldin
20%
Kah Yah Shrine Quick Thinking Faron
20%
Korgu Chideh Shrine Korgu Chideh's Blessing Faron
20%
Muwo Jeem Shrine A Modest Test of Strength Faron
20%
Qukah Nata Shrine Qukah Nata's Blessing Faron
20%
Shai Utoh Shrine Halt the Tilt Faron
20%
Tawa Jinn Shrine Tawa Jinn's Blessing Faron
20%
Yah Rin Shrine A Weighty Decision Faron
20%
Joloo Nah Shrine Joloo Nah Apparatus Gerudo
20%
Keeha Yoog Shrine Keeha Yoog's Blessing Gerudo
20%
Kema Kosassa Shrine A Major Test of Strength Gerudo
20%
Kuh Takkar Shrine Melting Ice Hazard Gerudo
20%
Sasa Kai Shrine A Modest Test of Strength Gerudo
20%
Sho Dantu Shrine Two Bombs Gerudo
20%
Etsu Korima Shrine Path of Light Great Plateau
20%
Owa Daim Shrine Stasis Trial Great Plateau
20%
Rohta Chigah Shrine Stop to Start Great Plateau
20%
Yowaka Ita Shrine Collected Soul Great Plateau
20%
Dow Na'eh Shrine Three Boxes Hateno
20%
Jitan Sa'mi Shrine Jitan Sa'mi's Blessing Hateno
20%
Kam Urog Shrine Trial of Passage Hateno
20%
Mezza Lo Shrine Ancient Trifecta Hateno
20%
Tahno O'ah Shrine Tahno O'ah's Blessing Hateno
20%
Gee Ha'rah Shrine Tandem Hebra
20%
Goma Asaagh Shrine A Major Test of Strength Hebra
20%
Hia Miu Shrine A Major Test of Strength Hebra
20%
Maka Rah Shrine Steady Thy Heart Hebra
20%
Qaza Tokki Shrine Qaza Tokki's Blessing Hebra
20%
Rok Uwog Shrine Power of Reach Hebra
20%
Sha Gehma Shrine Shift and Lock Hebra
20%
Shada Naw Shrine Red Giveaway Hebra
20%
To Quomo Shrine To Quomo's Blessing Hebra
20%
Ishto Soh Shrine Bravery's Grasp Lake
20%
Pumaag Nitae Shrine A Minor Test of Strength Lake
20%
Shae Katha Shrine Shae Katha's Blessing Lake
20%
Shoqa Tatone Shrine A Modest Test of Strength Lake
20%
Dagah Keek Shrine Dagah Keek's Blessing Lanayru
20%
Kaya Wan Shrine Shields from Water Lanayru
20%
Kee Dafunia Shrine The Melting Point Lanayru
20%
Mah Eliya Shrine Secret Stairway Lanayru
20%
Ne'ez Yohma Shrine Pushing Power Lanayru
20%
Sato Koda Shrine Support and Guidance Lanayru
20%
Shai Yota Shrine Shai Yota's Blessing Lanayru
20%
Sheh Rata Shrine Speed of Light Lanayru
20%
Maag No'rah Shrine Maag No'rah's Blessing Ridgeland
20%
Mijah Rokee Shrine A Modest Test of Strength Ridgeland
20%
Sheem Dagoze Shrine Moving in Parallel Ridgeland
20%
Shira Gomar Shrine Aim for Stillness Ridgeland
20%
Toh Yahsa Shrine Buried Secrets Ridgeland
20%
Zalta Wa Shrine Two Orbs to Guide You Ridgeland
20%
Akh Va'quot Shrine Windmills Tabantha
20%
Bareeda Naag Shrine Cannon Tabantha
20%
Kah Okeo Shrine Wind Guide Tabantha
20%
Noe Rajee Shrine The Four Winds Tabantha
20%
Sha Warvo Shrine Path of Hidden Winds Tabantha
20%
Tena Ko'sah Shrine A Major Test of Strength Tabantha
20%
Dako Tah Shrine Electric Path Wasteland
20%
Daqo Chisay Shrine The Whole Picture Wasteland
20%
Dila Maag Shrine Dila Maag's Blessing Wasteland
20%
Jee Noh Shrine On the Move Wasteland
20%
Keive Tala Shrine Big or Small Wasteland
20%
Kema Zoos Shrine A Delayed Puzzle Wasteland
20%
Kihiro Moh Shrine Inside the Box Wasteland
20%
Korsh O'hu Shrine Korsh O'hu's Blessing Wasteland
20%
Misae Suma Shrine Misae Suma's Blessing Wasteland
20%
Raqa Zunzo Shrine Raqa Zunzo's Blessing Wasteland
20%
Suma Sahma Shrine Suma Sahma's Blessing Wasteland
20%
Takama Shiri Shrine Dual Purpose Wasteland
20%
Tho Kayu Shrine Tho Kayu's Blessing Wasteland
20%
Daag Chokah Shrine Daag Chokah's Blessing Woodland
20%
Kuhn Sidajj Shrine Kuhn Sidajj's Blessing Woodland
20%
Mirro Shaz Shrine Tempered Power Woodland
20%
Monya Toma Shrine Drawing Parabolas Woodland
20%
Rona Kachta Shrine Rona Kachta's Blessing Woodland
20%
Rin Oyaa Shrine Directing the Wind Hebra
0%
Ketoh Wawai Shrine Ketoh Wawai's Blessing Woodland
0%
No matching quizzes found
Score Distribution
Percent of People with Each Score
Percentile by Number Answered
Your Score History
You have not taken this quiz